<?xml version="1.0" encoding="UTF-8"?><?xml-stylesheet type="text/xsl" href="static/style.xsl"?><OAI-PMH xmlns="http://www.openarchives.org/OAI/2.0/" xmlns:xsi="http://www.w3.org/2001/XMLSchema-instance" xsi:schemaLocation="http://www.openarchives.org/OAI/2.0/ http://www.openarchives.org/OAI/2.0/OAI-PMH.xsd"><responseDate>2026-04-18T15:17:27Z</responseDate><request verb="GetRecord" identifier="oai:recam.amb.cat:20.500.14439/1468" metadataPrefix="marc">https://recam.amb.cat/rest/oai/request</request><GetRecord><record><header><identifier>oai:recam.amb.cat:20.500.14439/1468</identifier><datestamp>2025-02-20T13:46:41Z</datestamp><setSpec>com_20.500.14439_153</setSpec><setSpec>com_20.500.14439_128</setSpec><setSpec>col_20.500.14439_4329</setSpec></header><metadata><record xmlns="http://www.loc.gov/MARC21/slim" xmlns:dcterms="http://purl.org/dc/terms/" xmlns:xsi="http://www.w3.org/2001/XMLSchema-instance" xmlns:doc="http://www.lyncode.com/xoai" xsi:schemaLocation="http://www.loc.gov/MARC21/slim http://www.loc.gov/standards/marcxml/schema/MARC21slim.xsd">
   <leader>00925njm 22002777a 4500</leader>
   <datafield ind2=" " ind1=" " tag="042">
      <subfield code="a">dc</subfield>
   </datafield>
   <datafield ind2=" " ind1=" " tag="720">
      <subfield code="a">Àrea Metropolitana de Barcelona</subfield>
      <subfield code="e">author</subfield>
   </datafield>
   <datafield ind2=" " ind1=" " tag="260">
      <subfield code="c">2014-07-10</subfield>
   </datafield>
   <datafield ind2=" " ind1=" " tag="520">
      <subfield code="a">El futur de les nostres ciutats està vinculat, avui més que mai, amb els moviments i els sistemes globals.Per això és oportú, en el marc del PDU metropolità, ampliar el focus de les discussions per endevinar quinés el potencial de l'AMB en el marc del sistema de ciutats europees. Es proposa una reflexió de caràcter regional, per discutir quin és el model, o els models, que poden guiar el futur de la Barcelona metropolitana (...). En aquesta discussió de caràcter més general, les grans infraestructures exerceixen un rol fonamental perla seva condició de grans "portes", com a espais que canalitzen els grans fluxos de persones i mercaderiesque alimenten la metròpolis. Veure quines són les oportunitats i els reptes de l'aeroport, del port i de la sevazona franca és un tema cabdal per al nou PDU.</subfield>
   </datafield>
   <datafield ind1="8" ind2=" " tag="024">
      <subfield code="a">2339-8922</subfield>
   </datafield>
   <datafield ind1="8" ind2=" " tag="024">
      <subfield code="a">https://hdl.handle.net/20.500.14439/1468</subfield>
   </datafield>
   <datafield ind1="8" ind2=" " tag="024">
      <subfield code="a">918873</subfield>
   </datafield>
   <datafield ind1="8" ind2=" " tag="024">
      <subfield code="a">B 22217-2014</subfield>
   </datafield>
   <datafield tag="653" ind2=" " ind1=" ">
      <subfield code="a">Ciutats</subfield>
   </datafield>
   <datafield tag="653" ind2=" " ind1=" ">
      <subfield code="a">Urbanisme</subfield>
   </datafield>
   <datafield tag="653" ind2=" " ind1=" ">
      <subfield code="a">Àrees metropolitanes</subfield>
   </datafield>
   <datafield ind2="0" ind1="0" tag="245">
      <subfield code="a">L'Àrea Metropolitana de Barcelona en el sistema urbà Europeu: Workshop 4</subfield>
   </datafield>
</record></metadata></record></GetRecord></OAI-PMH>